LEADER 01000nam 2200349 450 001 9910317598803321 005 20221017082155.0 010 $a953-51-5278-5 035 $a(CKB)4970000000098096 035 $a(NjHacI)994970000000098096 035 $a(EXLCZ)994970000000098096 100 $a20221017d2012 uy 0 101 0 $aeng 135 $aur||||||||||| 181 $ctxt$2rdacontent 182 $cc$2rdamedia 183 $acr$2rdacarrier 200 00$aProtein Structure /$fedited by Eshel Faraggi 210 1$a[Place of publication not identified] :$cIntechOpen,$d2012. 215 $a1 online resource (410 pages) 311 $a953-51-0555-8 320 $aIncludes bibliographical references and index. 606 $aProteins$xStructure 615 0$aProteins$xStructure. 676 $a572.633 702 $aFaraggi$b Eshel 801 0$bNjHacI 801 1$bNjHacl 906 $aBOOK 912 $a9910317598803321 996 $aProtein structure$9377650 997 $aUNINA